Kenya... or Tanzania? - Statistics

General Stats
  • This quiz has been taken 134 times
    25 since last reset
  • The average score is 8 of 10
Answer Stats
Question Answer % Correct
Capital is Nairobi Kenya
100%
Is home to Mount Kilimanjaro Tanzania
100%
Is further south Tanzania
96%
Is a member of the African Union Both
83%
Has a larger GDP per capita Kenya
83%
Has more people Tanzania
74%
Borders Rwanda Tanzania
74%
Touches the Equator Kenya
70%
Was a part of the German Empire Tanzania
70%
Is home to more zebras Tanzania
65%
No matching quizzes found
Score Distribution
Percent of People with Each Score
Percentile by Number Answered
Your Score History
You have not taken this quiz since the last reset